01488nam a2200349 i 450000500170000000700030001700800410002002000180006104000350007904100130011408400120012710000290013924501870016825000220035526400430037730000550042033600270047533700330050233800280053549000250056352100610058853400360064965000600068565000490074565000390079465000650083365000690089865000610096770000450102870000350107370000300110820220317002057.0ta210831s2019 ck a br6 000 1 spa d a9789583057496 aCO-BoRNBPbspaerdacCO-BoRNBP1 aspahfre aH FER371 aFerry, Lucd1951-eautor13aLa sabiduría de los mitosbPerseo y la gorgona Medusa cconcebido y escrito por Luc Ferry ; traducción Juan Fernando Merino ; guión Clotilde Bruneau ; ilustración Didier Poli aPrimera edición 1aBogotábPanamericana Editorialc2019 a59 páginasbilustraciones, fotografías c27 cm 2rdacontentatextobtxt 2rdamediaasin mediaciónbn 2rdacarrieravolumenbnc0 aCómic Panamericana aRecomendado para un público infantil mayor de 9 años tPersée et la Gorgone Méduse17aTiras Cómicas, historietas francesas ySiglo XX2LEMB17aLiteratura infantil francesaySiglo XX2LEMB17aAutores franceses ySiglo XX2LEMB17aMitología griegavTiras Cómicas, historietas, etc.2LEMB17aMitología clásica vTiras Cómicas, historietas, etc.2LEMB17aDioses griegosvTiras Cómicas, historietas, etc.2LEMB1 aMerino, Juan Fernandod1954- etraductor1 aBruneau, Clotilde eguionista1 aPoli, Didiereilustrador